000 00736nam a2200265Ia 4500
003 OSt
005 20221007110357.0
006 a|||||r|||| 00| 0
007 ta
008 221006b |||||||| |||| 00| 0 eng d
024 _a21,010
037 _cTextual
040 _aLCO
_cLCO
_beng
041 _2eng
_aeng
082 _aZ0aWv41,A, L4
100 _aBhatia H.S. Ed.
245 0 _aLegal and Political System in China
260 _aNew
_bDelhi Deep & Deep Publications India
_c1974
300 _a200
490 _vVol.- II
650 _aPOLITICAL SYSTEM IN CHINA
_9707401
700 _a Chung Tan Ed.
942 _hZ0aWv41,A, L4
_cTEXL
999 _c1190573
_d1190573